MODERN RADIO COMMUNICATION (Record no. 579175)
[ view plain ]
| 000 -LEADER | |
|---|---|
| fixed length control field | 00225nam a22001097a 4500 |
| 082 ## - DEWEY DECIMAL CLASSIFICATION NUMBER | |
| Classification number | 621.384 REY'M |
| 245 ## - TITLE STATEMENT | |
| Title | MODERN RADIO COMMUNICATION |
| 250 ## - EDITION STATEMENT | |
| Edition statement | 3RD |
| 260 ## - PUBLICATION, DISTRIBUTION, ETC. | |
| Place of publication, distribution, etc. | LONDON |
| Name of publisher, distributor, etc. | 3RD |
| Date of publication, distribution, etc. | 1942 |
| 300 ## - PHYSICAL DESCRIPTION | |
| Extent | VOL-2 |
| 942 ## - ADDED ENTRY ELEMENTS (KOHA) | |
| Koha item type | Book |
| Withdrawn status | Lost status | Damaged status | Not for loan | Permanent Location | Current Location | Shelving location | Date acquired | Total Checkouts | Full call number | Barcode | Date last seen | Price effective from | Koha item type |
|---|---|---|---|---|---|---|---|---|---|---|---|---|---|
| College of Electrical & Mechanical Engineering (CEME) | College of Electrical & Mechanical Engineering (CEME) | General Stacks | 04/19/2017 | 621.384 REY'M | CEME-16551 | 06/28/2021 | 06/28/2021 | Book |
